| 000 | 00995nam a22003137a 4500 | ||
|---|---|---|---|
| 001 | 5111 | ||
| 003 | FISKH | ||
| 005 | 20241106141749.0 | ||
| 008 | 241106b cb ||||| |||| 00| 0 eng d | ||
| 020 | _a9780064406321 | ||
| 040 |
_aFISKH _beng _cFISKH _dFISKH |
||
| 050 | _aPZ7.C8615 | ||
| 082 | _a823.914 | ||
| 100 | _aCreech, Sharon | ||
| 245 |
_aAbsolutely Normal Chaos / _cby Sharon Creech |
||
| 260 |
_aNew York : _bHarper Trophy ; _c1990 . |
||
| 300 |
_a230 pages : _billustrations ; _c20 cm . |
||
| 490 | _aWalk Two Moons | ||
| 505 | _aZ | ||
| 520 | _aThirteen-year-old Mary Lou grows up considerably during the summer while learning about romance, homesickness, death, and her cousin's search for his biological father. | ||
| 521 | 8 |
_a900
_bLexile |
|
| 521 | 8 |
_aZ
_bRaz-Plus |
|
| 650 |
_aHomesickness _vFiction |
||
| 650 |
_aDeath _vFiction |
||
| 650 |
_aCousins _vFiction |
||
| 650 |
_aFathers and Sons _vFiction |
||
| 942 |
_2ddc _cBK _n0 |
||
| 999 |
_c5111 _d5111 |
||